Мелиорация и водное хозяйство в Украинской ССР (Запись № 13740444)

Подробности
000 -МАРКЕР
контрольное поле 01381nam0a2200301 4500
001 - ИДЕНТИФИКАТОР ЗАПИСИ
контрольное поле RU\NLR\BIBL_A\012101470
005 - ИДЕНТИФИКАТОР ВЕРСИИ
контрольное поле 20260628182300.0
035 ## - ДРУГИЕ СИСТЕМНЫЕ НОМЕРА
Идентификатор записи (NLR Aleph) 012101470
100 ## - ДАННЫЕ ОБЩЕЙ ОБРАБОТКИ
Данные общей обработки 20190925d1985 u y0rusy50 ca
101 0# - ЯЗЫК РЕСУРСА
Язык текста, звукозаписи и т.д. русский
102 ## - СТРАНА ПУБЛИКАЦИИ ИЛИ ПРОИЗВОДСТВА
Страна публикации Украина
105 ## - ПОЛЕ КОДИРОВАННЫХ ДАННЫХ: ТЕКСТОВЫЕ МАТЕРИАЛЫ, МОНОГРАФИЧЕСКИЕ
Кодированные данные о монографическом текстовом документе ab||z|||000zy
200 1# - ЗАГЛАВИЕ И СВЕДЕНИЯ ОБ ОТВЕТСТВЕННОСТИ
Основное заглавие Мелиорация и водное хозяйство в Украинской ССР
Первые сведения об ответственности Министерство мелиорации и водного хозяйства УССР
Последующие сведения об ответственности [сост. В.Д. Дупляк, Т.А. Дейнега]
210 ## - ПУБЛИКАЦИЯ, РАСПРОСТРАНЕНИЕ И ДР.
Место издания, распространения и т.д. Киев
Имя издателя, распространителя и т. д. Реклама
Дата издания, распространения и т.д. 1985
215 ## - ФИЗИЧЕСКАЯ ХАРАКТЕРИСТИКА
Специфическое обозначение материала и объем 72 с.
Другие сведения о физической характеристике ил.
Размеры 29
Сопроводительный материал [1] отд. л. карт.
606 1# - НАИМЕНОВАНИЕ ТЕМЫ КАК ПРЕДМЕТ
Наименование темы Водное хозяйство
Географический подзаголовок Украинская ССР
Системный номер авторитетной/нормативной записи 1262794
Идентификатор авторитетной/нормативной записи RU\NLR\AUTH\66201123
606 1# - НАИМЕНОВАНИЕ ТЕМЫ КАК ПРЕДМЕТ
Наименование темы Мелиорация
Географический подзаголовок Украинская ССР
Системный номер авторитетной/нормативной записи 1560272
Идентификатор авторитетной/нормативной записи RU\NLR\AUTH\66682316
686 1# - ИНДЕКСЫ ДРУГИХ КЛАССИФИКАЦИЙ
Индекс Н770(2Ук)
686 1# - ИНДЕКСЫ ДРУГИХ КЛАССИФИКАЦИЙ
Индекс П06(237Ук)
702 #1 - ИМЯ ЛИЦА - ВТОРИЧНАЯ ОТВЕТСТВЕННОСТЬ
Начальный элемент ввода Дупляк
Часть имени, кроме начального элемента ввода В. Д.
Расширение инициалов личного имени Виталий Дмитриевич
Код отношения Составитель
712 01 - НАИМЕНОВАНИЕ ОРГАНИЗАЦИИ - ВТОРИЧНАЯ ОТВЕТСТВЕННОСТЬ
Код отношения Прочие
Начальный элемент ввода УССР
Структурное подразделение Министерство мелиорации и водного хозяйства
Системный номер авторитетной/нормативной записи 778740
Идентификатор авторитетной/нормативной записи RU\NLR\AUTH\8810141995
852 ## - МЕСТОНАХОЖДЕНИЕ И ШИФР ХРАНЕНИЯ
Идентификатор организации NLR
Шифр хранения (Call Number) 86-8/59
942 ## - ДОПОЛНИТЕЛЬНЫЕ ЭЛЕМЕНТЫ ЗАПИСИ (АБИС)
Тип экземпляра АБИС Книга
980 ## - КОЛЛЕКЦИЯ
Название коллекции Национальная библиография

Нет доступных экземпляров.